书目信息 |
| 题名: |
数据结构习题与解析
|
|
| 作者: | 喻丹丹 , 李春葆 编著 | |
| 分册: | ||
| 出版信息: | 北京 清华大学出版社 2006 |
|
| 页数: | 467页 | |
| 开本: | 26cm | |
| 丛书名: | 十一五规划计算机主干课程辅导丛书 | |
| 单 册: | ||
| 中图分类: | TP311.12-44 | |
| 科图分类: | ||
| 主题词: | 数据结构--解题--高等教育 | |
| 电子资源: | ||
| ISBN: | 7-302-14053-7 | |
| 000 | 01220nam0 2200289 450 | |
| 000 | 01224nam0 2200289 450 | |
| 000 | 01150nam0 2200265 450 | |
| 000 | 01113nam0 2200253 450 | |
| 005 | 20070602145958.12 | |
| 010 | @a7-302-14053-7@b平塑@dCNY48.00 | |
| 100 | @a20010611d2006 am y0chiy0120 eb | |
| 101 | 0 | @achi |
| 102 | @aCN@b110000 | |
| 105 | @a 000yy | |
| 200 | 1 | @a数据结构习题与解析@AShu Ju Jie Gou Xi Ti Yu Jie Xi@e第3版@EDi 3 Ban@eB级@EB Ji@f李春葆,喻丹丹编著@FLi Chun Bao , Yu Dan Dan Bian Zhu |
| 205 | @a3版 | |
| 210 | @a北京@c清华大学出版社@d2006 | |
| 215 | @a467页@c图@d26cm | |
| 225 | 2 | @a十一五规划计算机主干课程辅导丛书 |
| 330 | @a数据结构主要研究数据的各种组织形式以及建立在这些结构之上的各种运算的实现,它不仅为用计算机语言进行程序设计提供了方法性的理论指导,还在一个更高的层次上总结了程序设计的常用方法和常用技巧。本书是作者针对数据结构课程概念多、算法灵活和抽象性强等特点,在总结长期教学经验的基础上编写的。 | |
| 410 | 0 | @12001 @a十一五规划计算机主干课程辅导丛书 |
| 606 | 0 | @a数据结构@j解题@x高等教育 |
| 690 | @aTP311.12-44@v4 | |
| 701 | 0 | @a喻丹丹@AYu Dan Dan@4编著 |
| 701 | 0 | @a李春葆@ALi Chun Bao@4编著 |
| 801 | 0 | @aCN@bTAOJIN@c20070602 |
| 905 | @a10447@dTP311.12-44@e260=3 | |
| 数据结构习题与解析:第3版:B级/李春葆,喻丹丹编著.-3版.-北京:清华大学出版社,2006 |
| 467页:图;26cm.-(十一五规划计算机主干课程辅导丛书) |
| ISBN 7-302-14053-7(平塑):CNY48.00 |
| 数据结构主要研究数据的各种组织形式以及建立在这些结构之上的各种运算的实现,它不仅为用计算机语言进行程序设计提供了方法性的理论指导,还在一个更高的层次上总结了程序设计的常用方法和常用技巧。本书是作者针对数据结构课程概念多、算法灵活和抽象性强等特点,在总结长期教学经验的基础上编写的。 |
| ● |
| 相关链接 |
|
|
|
|
正题名:数据结构习题与解析
索取号:TP311.12-44/260=3
 
预约/预借
| 序号 | 登录号 | 条形码 | 馆藏地/架位号 | 状态 | 备注 |
| 1 | 0524954 | 205249541 | 第二样本阅览室/ [索取号:TP311.12-44/260=3] | 在馆 | |
| 2 | 0524955 | 205249550 | 第三借阅区/ [索取号:TP311.12-44/260=3] | 在馆 | |
| 3 | 0524956 | 205249569 | 第三借阅区/ [索取号:TP311.12-44/260=3] | 在馆 | |
| 4 | 0524957 | 205249578 | 第三借阅区/ [索取号:TP311.12-44/260=3] | 在馆 | |
| 5 | 0524958 | 205249587 | 第三借阅区/ [索取号:TP311.12-44/260=3] | 在馆 | |
| 6 | 0524959 | 205249596 | 第三借阅区/ [索取号:TP311.12-44/260=3] | 在馆 | |
| 7 | 0524960 | 205249603 | 第三借阅区/ [索取号:TP311.12-44/260=3] | 在馆 | |
| 8 | 0524961 | 205249612 | 第三借阅区/ [索取号:TP311.12-44/260=3] | 在馆 |